Разкази | Пътеписи (Запис номер 134597)
[ съкратено ]
| 000 -Лидер | |
|---|---|
| Контролно поле с фиксирана дължина | 01599nam a2200325 c 4500 |
| 003 - Код на организацията, давaща контролен номер | |
| Контролно поле | BLK |
| 005 - Дата и час на последна редакция | |
| Контролно поле | 20180422111828.0 |
| 008 - Елементи от данни с фиксирана дължина | |
| fixed length control field | 180409b bul|||||r ||||||| ||bul|| |
| 010 ## - Наследен системен номер | |
| LC control number | KNG00140511000 |
| 040 ## - Източник на каталожния запис | |
| Идентификатор на билиотеката - собственик на записа | BLK |
| 041 ## - Код за език | |
| Код за езика на текст/звукозапис или на отделно заглавие | Български |
| Код за езика КДБФ | Български |
| 080 ## - УДК | |
| Текстов определител УДК | Българска литература |
| УДК код - определител по УДК | 821.163.2 |
| УДК определител | -32 |
| УДК - код + определител | 821.163.2-32 |
| 100 1# - Редна дума - Автор | |
| Автор | Вазов, Иван Минчов |
| Авторска отговорност | първи автор |
| R(LIN) | 363396 |
| 139 ## - Редно поле | |
| Редна дума | Вазов, Иван Минчов |
| Авторски знак | Вазов, Ив. - В 15 |
| 245 10 - Сведения за заглавието | |
| Заглавие | Разкази |
| Редно поле (дума) | Иван Минчов Вазов; предг., състав. и прил. Михаил Иванов Василев. |
| 245 10 - Сведения за заглавието | |
| Заглавие | Пътеписи |
| Подзаглавни данни | |
| Редно поле (дума) | |
| 250 ## - Област на изданието | |
| Сведения за изданието | 16. изд. |
| 257 ## - Страна на издаване | |
| Страна на създаване/издаване | България |
| 260 ## - Област на издателските данни | |
| -- | София |
| Име на издателя, разпространителя и проч. | Бълг. писател |
| Година на издаване | 1983 |
| Печатница | Враца : В. Александров |
| 300 ## - Физическа характеристика | |
| Страници | 312 с. |
| Размери/Мащаб | 21 см |
| 380 ## - Жанр | |
| Жанр | Худож. лит. |
| 490 1# - СЕРИИ (Колекции) | |
| Име на серия | Библиотека за ученика |
| 500 ## - Общи забележки | |
| Забележка | 1. изд. 1960 със загл. Избрани разкази. - В кн. означено 5. изд. - 43 613 тир. - Съдържа и Вазов за някои свои разкази; Из бълг. критика за разказите на Иван Вазов ; Речник ; Библиогр. справка. |
| 700 1# - Други автори (авторска отговорност) | |
| Лично име | Василев, Михаил Иванов |
| Автороска отговорност (Описва отношението между автора и произведението) | предг., състав. и прил. |
| 9 (RLIN) | 364748 |
| 852 ## - Местоположение | |
| Форматна сигнатура | Цб 122560 |
| 856 4# - Електронен адрес и достъп | |
| Електронен формат | pdf - файл |
| Път до файла /url/ | |
| 856 4# - Електронен адрес и достъп | |
| Електронен формат | pdf - файл |
| Път до файла /url/ | |
| 942 ## - АРТИКУЛИ | |
| Вид на библиотечния материал | Книги |
| Скрит в OPAC | Не |
| 944 ## - СЪЗДАВАНЕ И РЕДАКЦИЯ на ЗАПИСА | |
| Създаване/Редакция | Създаване |
| Дата на регистрацията/редакция | 08.03.2013 |
| Статус, дата на статуса | 08.03.2013 - от С1,Р / 08.03.2013 |
| Служител, извършил регистрацията/редакцията | Елица_Владова |
| 944 ## - СЪЗДАВАНЕ И РЕДАКЦИЯ на ЗАПИСА | |
| Създаване/Редакция | Редакция |
| Дата на регистрацията/редакция | 16.09.2017 |
| Статус, дата на статуса | 08.03.2013 - от С1,Р / 08.03.2013 |
| Служител, извършил регистрацията/редакцията | Наталия_Любомирова |
| 999 ## - СИСТЕМНИ КОНТРОЛНИ НОМЕРА | |
| Koha biblionumber | 134597 |
| Koha biblioitemnumber | 134597 |
| Код за отписване | Код за изгубен артикул | Източник на класификационната схема | Код за повреда | Коз за рестрикции | Код за отдаване | Артикулен № | Име на библиотеката - собственик | Име на библиотеката, в която се намира в момента | Статус (Текущо местоположение) | Дата на вписване в системата | Местоположение - отдел | Цена в лева | Инвентарен номер | Систематично азбучна сигнатура | Баркод | Номер на екземпляра | Цена в евро | Служебна бележка | Служебен тип на артикула | Бележка за публиката |
|---|---|---|---|---|---|---|---|---|---|---|---|---|---|---|---|---|---|---|---|---|
| Не е изгубен | Universal Decimal Classification | Не е повреден | без рестрикции | ползва се в читалня | 219959 | Регионална библиотека "Любен Каравелов" Русе | Регионална библиотека "Любен Каравелов" Русе | Хранилище | 1983-01-01 | Хранилище | 0.77 | 381977 | Цб 122560 | 900000018107 | 1 | 0.39 | N: стар фонд Дата: 01.01.1983 | Книги | ||
| Изтеглен | Не е изгубен | Universal Decimal Classification | Не е повреден | без рестрикции | заемане за дома | 219960 | Регионална библиотека "Любен Каравелов" Русе | Регионална библиотека "Любен Каравелов" Русе | Заемна - подръчен фонд | 1983-01-01 | Заемна - подръчен фонд | 0.77 | 381356 | П 886.7-32/В 15 | 381356 | 2 | 0.39 | N: стар фонд Дата: 01.01.1983 | Книги | |
| Изтеглен | Не е изгубен | Не е повреден | без рестрикции | заемане за дома | 219961 | Регионална библиотека "Любен Каравелов" Русе | Регионална библиотека "Любен Каравелов" Русе | Заемна - подръчен фонд | 1983-01-01 | Заемна - подръчен фонд | 0.77 | 381357 | П 886.7-32/В 15 | 381357 | 3 | 0.39 | N: стар фонд Дата: 01.01.1983 Дата инв: 14.02.2018 Бележки инв: П2018 | Книги | ||
| Изтеглен | Не е изгубен | Universal Decimal Classification | Не е повреден | без рестрикции | заемане за дома | 219962 | Регионална библиотека "Любен Каравелов" Русе | Регионална библиотека "Любен Каравелов" Русе | Заемна - подръчен фонд | 1983-01-01 | Заемна - подръчен фонд | 0.77 | 381359 | П 886.7-32/В 15 | 381359 | 4 | 0.39 | N: стар фонд Дата: 01.01.1983 | Книги | |
| Изтеглен | Не е изгубен | Universal Decimal Classification | Не е повреден | без рестрикции | заемане за дома | 219963 | Регионална библиотека "Любен Каравелов" Русе | Регионална библиотека "Любен Каравелов" Русе | Заемна - подръчен фонд | 1983-01-01 | Заемна - подръчен фонд | 0.77 | 381360 | П 886.7-32/В 15 | 381360 | 5 | 0.39 | N: стар фонд Дата: 01.01.1983 | Книги | |
| Изтеглен | Не е изгубен | Universal Decimal Classification | Не е повреден | без рестрикции | заемане за дома | 219964 | Регионална библиотека "Любен Каравелов" Русе | Регионална библиотека "Любен Каравелов" Русе | Заемна - подръчен фонд | 1983-01-01 | Заемна - подръчен фонд | 0.77 | 381361 | П 886.7-32/В 15 | 381361 | 6 | 0.39 | N: стар фонд Дата: 01.01.1983 | Книги | |
| Изтеглен | Не е изгубен | Не е повреден | без рестрикции | заемане за дома | 219965 | Регионална библиотека "Любен Каравелов" Русе | Регионална библиотека "Любен Каравелов" Русе | 1983-01-01 | Детски отдел | 0.77 | 381591 | ДХ 886.7/В 15 | 381591 | 7 | 0.39 | N: стар фонд Дата: 01.01.1983 Дата инв: 31.08.2015 Бележки инв: Д2015 | Книги | Отч.N: 30/2017 , Дата: 01.09.2017 |